000 00980nam a22002417a 4500
005 20100406164735.0
008 100406t xxu||||| |||| 00| 0 eng d
010 _aENG-95978
020 _a9788131727881
_c975.00
035 _aEN-79510
037 _bDBAD/VEN
040 _aDPL
082 _a000
100 _aThorpe, Edgar
245 _aThe Pearson general studies manual 2010:
_bFor the UPSC civil services preliminary examination/
_cby Edgar Thorpe and Showick Thorpe
260 _aNew Delhi
_bDorling Kindersley (India) Pvt. Ltd. Licensees of Pearson Education
_c2010
270 _a14, Local Shopping Centre, Panchsheel Park
_bNew Delhi
_e110017
300 _aVarious pagings
_c28 cm. (Pbk)
700 _aThorpe, Showick
942 _2ddc
_cEN
_mTHO
_h000
999 _c35115
_d35115